[Event "HUN-chT"]
[Site "HUN"]
[Date "1991.??.??"]
[Round "?"]
[White "Goczan, Laszlo"]
[Black "Morvay, Miklos"]
[Result "1-0"]
[WhiteElo "2230"]
[BlackElo "2315"]

1.d4 Nf6 2.c4 e6 3.Nc3 Bb4 4.Qc2 O-O 5.Bg5 c5 6.dxc5 Na6 7.a3 Bxc3+ 8.Qxc3 Ne4
9.Bxd8 Nxc3 10.Be7 Re8 11.Bd6 Ne4 12.b4 b6 13.f3 Nxd6 14.cxd6 e5 15.e3 Re6
16.Rd1 Nb8 17.b5 a6 18.a4 Bb7 19.Kf2 axb5 20.axb5 Ra2+ 21.Be2 Rg6 22.e4 Rf6
23.Ke1 Rg6 24.g4 h5 25.h3 h4 26.Rh2 Kh7 27.Rf2 Rf6 28.Bf1 Ra3 29.Rc2 Kh6
30.c5 Re3+ 31.Be2 bxc5 32.Rxc5 Kg5 33.Rxe5+ Kf4 34.Rf5+ Rxf5 35.gxf5 Ke5
36.Kd2 Kd4 37.Ra1 Rb3 38.Kc2 Rc3+ 39.Kb2 Rc8 40.Ra3 Bxe4 41.fxe4 Kxe4 42.Bg4 Rc5
43.Rb3 Ke5 44.Nf3+ Kxd6 45.Ka3 Kc7 46.Nxh4 Kb6 47.Nf3 d6 48.Ng5 g6 49.Ne4 Rxb5
50.Rxb5+ Kxb5 51.f6 Kc6 52.Ng5 d5 53.Nxf7 d4 54.Ne5+  1-0

[Event "Jyvaskyla op"]
[Site "Jyvaskyla"]
[Date "1991.??.??"]
[Round "5"]
[White "Yrjola, Jouni"]
[Black "Khasin, Alexander"]
[Result "1/2-1/2"]
[WhiteElo "2505"]
[BlackElo "2450"]

1.d4 Nf6 2.c4 e6 3.Nc3 Bb4 4.Qc2 O-O 5.a3 Bxc3+ 6.Qxc3 b6 7.Bg5 Bb7 8.e3 d6
9.f3 c5 10.dxc5 bxc5 11.O-O-O Qe7 12.Nh3 Nbd7 13.Bd3 Rfe8 14.Bc2 h6 15.Bh4 d5
16.Nf2 d4 17.exd4 cxd4 18.Qxd4 Rac8 19.Ng4 e5 20.Qxd7 Nxd7 21.Bxe7 Rxe7 22.b3 Nc5
23.Rhe1 f6 24.Ne3 a5 25.Kb2 Bc6 26.b4 axb4 27.axb4 Rb8 28.Kc3 Ne6 29.Nf5 Rc7
30.Be4 Bxe4 31.fxe4 g6 32.Nxh6+ Kg7 33.Ng4 Nd4 34.Ne3 Nb5+ 35.Kd3 Na3 36.b5 Rbc8
37.b6 Rc6 38.b7 Rb8 39.Ra1 Nxc4 40.Nxc4 Rxb7 41.Rec1 Kh6 42.Nxe5 Rd6+ 43.Ke2 Rb4
44.Rc4 Rb2+  1/2-1/2

[Event "Kecskemet"]
[Site "Kecskemet"]
[Date "1991.??.??"]
[Round "4"]
[White "Chekhov, Valery A"]
[Black "Sjoberg, Mats"]
[Result "1/2-1/2"]
[WhiteElo "2515"]
[BlackElo "2360"]

1.d4 Nf6 2.c4 e6 3.Nc3 Bb4 4.Qc2 O-O 5.a3 Bxc3+ 6.Qxc3 Qe8 7.g3 d6 8.Nf3 a5
9.b3 a4 10.b4 b5 11.c5 Bb7 12.Bg2 Be4 13.O-O Nd5 14.Qd2 f5 15.Re1 f4 16.Nh4 Bxg2
17.Nxg2 Qg6 18.Ra2 Nc6 19.e4 fxe3 20.fxe3 dxc5 21.bxc5 b4 22.Qc2 Qf7 23.Qc4 b3
24.Rd2 e5 25.Bb2 exd4 26.Bxd4 Nxd4 27.Qxd4 c6 28.e4 Nc7 29.e5 Ne6 30.Qc4 Kh8
31.h4 Ra5 32.Rd6 Rxc5 33.Qxe6 Qxe6 34.Rxe6 b2 35.Rd6 Rc1 36.Rdd1 b1=Q 37.Rxc1 Qb6+
38.Kh1 c5 39.e6 Qc6 40.Kg1 Re8 41.Nf4 Qf3 42.Kh2 g5 43.hxg5 Qxa3 44.Kh3 Qb3
45.Rxc5 a3 46.Re2 Qa4 47.Rc1 Qa5 48.Ra1 Qf5+ 49.Kh2 Qc5 50.Rd1 Qxg5 51.Rd5 Qh6+
52.Rh5 Qf6 53.Ra5 Qc3 54.Rd5 Qb3 55.e7 Qa4 56.Rd8 a2 57.Rxe8+  1/2-1/2

[Event "Kecskemet"]
[Site "Kecskemet"]
[Date "1991.??.??"]
[Round "8"]
[White "Sjoberg, Mats"]
[Black "Tolnai, Tibor"]
[Result "1/2-1/2"]
[WhiteElo "2360"]
[BlackElo "2500"]

1.d4 Nf6 2.c4 e6 3.Nc3 Bb4 4.Qc2 O-O 5.a3 Bxc3+ 6.Qxc3 d6 7.Bg5 h6 8.Bh4 b6
9.f3 c5 10.dxc5 bxc5 11.O-O-O Nc6 12.Bxf6 gxf6 13.Nh3 e5 14.e3 Rb8 15.Bd3 Be6
16.Nf2 Na5 17.Ne4 f5 18.Nd2 d5 19.Qxe5 dxc4 20.Bxf5 Qg5 21.g4 Bxf5 22.gxf5 Rfe8
23.Qxb8 Rxb8 24.Rhg1 Nb3+ 25.Kc2 Nxd2 26.Rxg5+ hxg5 27.Rxd2 Rb3 28.Rg2 Rxe3
29.f4 g4 30.Rxg4+ Kf8 31.h4 Ke7 32.h5 Rh3 33.f6+ Kxf6 34.Rg5 Rh4 35.h6 Rxh6
36.Rxc5 Rh2+ 37.Kc3 Rh1 38.a4 Rf1 39.Rxc4 Kf5 40.b4 Rf3+ 41.Kd2 Rxf4 42.Rc5+ Ke6
43.Kc3 Rf1 44.Kc2 Rf4 45.Kb3 Rd4 46.Rc7 Rd7 47.Rxd7  1/2-1/2

[Event "JUG-ch"]
[Site "Kladovo"]
[Date "1991.??.??"]
[Round "2"]
[White "Sandic, Vladeta"]
[Black "Abramovic, Bosko"]
[Result "1/2-1/2"]
[WhiteElo "2365"]
[BlackElo "2520"]

1.d4 Nf6 2.c4 e6 3.Nc3 Bb4 4.Qc2 O-O 5.a3 Bxc3+ 6.Qxc3 b6 7.Bg5 Bb7 8.f3 h6
9.Bh4 d5 10.e3 Nbd7 11.Nh3 Re8 12.cxd5 exd5 13.Be2 Qe7 14.Bf2 c5 15.O-O cxd4
16.Qxd4 Nc5 17.Rad1 Nb3 18.Qb4 Qxb4 19.axb4 Rec8 20.Bd3 a5 21.bxa5 Nxa5 22.Be1 Nc4
23.Bxc4 dxc4 24.e4 b5 25.Nf4 Bc6 26.Rd6 Ne8 27.Rd4 Nc7 28.Bc3 Na6 29.Rfd1 Nc5
30.Rd6 Nb7 31.R6d2 Nc5 32.Rd6 Rab8 33.e5 b4 34.Be1 Na4 35.Rb1 Ba8 36.b3 Nc3
37.Bxc3 bxc3 38.b4 c2 39.Rc1 Rxb4 40.Rxc2 Rb5 41.e6 fxe6 42.Rxe6 Bd5  1/2-1/2

[Event "JUG-ch"]
[Site "Kladovo"]
[Date "1991.??.??"]
[Round "5"]
[White "Dzevlan, Miralem"]
[Black "Kurajica, Bojan"]
[Result "1-0"]
[WhiteElo "2405"]
[BlackElo "2520"]

1.d4 Nf6 2.c4 e6 3.Nc3 Bb4 4.Qc2 O-O 5.a3 Bxc3+ 6.Qxc3 b6 7.Bg5 Bb7 8.e3 h6
9.Bh4 Re8 10.f3 d5 11.Bd3 Nbd7 12.Ne2 c5 13.cxd5 exd5 14.Bb5 Ne4 15.Bxd8 Nxc3
16.Bxd7 Rexd8 17.Nxc3 Rxd7 18.dxc5 bxc5 19.Na4 Rc8 20.Rc1 d4 21.Nxc5 dxe3
22.O-O Rdc7 23.b4 a5 24.Rfe1 axb4 25.axb4 Re7 26.Nxb7 Rxc1 27.Rxc1 Rxb7 28.Rb1 f5
29.f4 g5 30.g3 gxf4 31.gxf4 Rd7 32.Kf1 Rd2 33.b5 Rxh2 34.Rb4 Rd2 35.b6 Rd8
36.b7 Rb8 37.Ke2 Kf7 38.Rb6 h5 39.Kxe3 Ke7 40.Rh6 Kd7 41.Rxh5 Kc6 42.Rh7 Kd5
43.Kd3 Rg8 44.Rf7 Kc6 45.Kd4 Re8 46.Rxf5 Rd8+ 47.Ke4 Kxb7 48.Rc5 Kb6 49.Rc1 Re8+
50.Kd5 Rf8 51.Ke5 Re8+ 52.Kd6 Rf8 53.Rb1+ Ka5 54.Rf1  1-0

[Event "JUG-ch"]
[Site "Kladovo"]
[Date "1991.??.??"]
[Round "5"]
[White "Sandic, Vladeta"]
[Black "Subasic, Ilijas"]
[Result "1-0"]
[WhiteElo "2365"]
[BlackElo "2320"]

1.d4 Nf6 2.c4 e6 3.Nc3 Bb4 4.Qc2 O-O 5.a3 Bxc3+ 6.Qxc3 b6 7.Bg5 Bb7 8.e3 d6
9.Nf3 Nbd7 10.Be2 Re8 11.Qc2 a5 12.b3 Qe7 13.O-O Nf8 14.Rfc1 c5 15.Qb2 h6
16.Bh4 Ng6 17.Bg3 Ne4 18.b4 Nxg3 19.hxg3 axb4 20.axb4 Qc7 21.Bd3 Nf8 22.Rcb1 Nd7
23.bxc5 bxc5 24.Bf1 Rxa1 25.Rxa1 Ra8 26.Rd1 Ra6 27.Nd2 Rb6 28.Qa1 Qb8 29.Be2 Qa8
30.Bf3 Qxa1 31.Rxa1 Kf8 32.Ra7 Bxf3 33.Rxd7 Ke8 34.Rc7 Bc6 35.dxc5 dxc5 36.Nf3 Bxf3
37.gxf3 Rb4 38.Rxc5 Kd7 39.g4 g6 40.Kg2 Kd6 41.Rc8 Kd7 42.Rf8 Ke7 43.Rc8 Kd7
44.Rh8 Rxc4 45.Rxh6 Ke7 46.Rh8 Kf6 47.Rd8 Rc7 48.Kg3 Ra7 49.f4 Rb7 50.Rg8 Rb2
51.e4 Rb3+ 52.f3 Ra3 53.e5+ Ke7 54.f5 exf5 55.gxf5 gxf5 56.Kf4 Rc3 57.Ra8 Rb3
58.Ra7+ Ke6 59.Ra6+ Ke7 60.Rf6 Ra3 61.Rxf5 Rb3 62.Rf6 Ra3 63.Kg5 Re3 64.f4 Rb3
65.Ra6 Rb7 66.f5 Rc7 67.f6+ Ke8 68.Kh6 Rc1 69.Ra8+ Kd7 70.Kg7 Ke6 71.Re8+  1-0

[Event "JUG-ch"]
[Site "Kladovo"]
[Date "1991.??.??"]
[Round "10"]
[White "Dzevlan, Miralem"]
[Black "Cvetkovic, Srdjan"]
[Result "1-0"]
[WhiteElo "2405"]
[BlackElo "2470"]

1.d4 Nf6 2.c4 e6 3.Nc3 Bb4 4.Qc2 O-O 5.a3 Bxc3+ 6.Qxc3 b6 7.Bg5 Bb7 8.e3 Re8
9.Nh3 h6 10.Bh4 c5 11.dxc5 bxc5 12.f3 Nc6 13.O-O-O d5 14.Bxf6 Qxf6 15.Qxf6 gxf6
16.Nf4 d4 17.Nh5 Rec8 18.Nxf6+ Kg7 19.Ne4 Na5 20.Nd6 Rc7 21.exd4 Nb3+ 22.Kb1 Nxd4
23.Nb5 Nxb5 24.cxb5 Bd5 25.Bd3 c4 26.Rc1 Rac8 27.Bc2 Rb7 28.a4 Ra8 29.Be4 a6
30.Rhd1 axb5 31.Rxd5 exd5 32.Bxd5 Rab8 33.Bxb7 Rxb7 34.axb5 Rxb5 35.Rxc4 Kf6
36.Kc2 Ra5 37.Kc3 Ra1 38.b4 Ra2 39.b5 Rxg2 40.b6 Rg8 41.Kb4 Ke7 42.Kb5 Rb8
43.Rc7+  1-0

[Event "JUG-ch"]
[Site "Kladovo"]
[Date "1991.??.??"]
[Round "11"]
[White "Drasko, Milan"]
[Black "Dzevlan, Miralem"]
[Result "1-0"]
[WhiteElo "2500"]
[BlackElo "2405"]

1.d4 Nf6 2.c4 e6 3.Nc3 Bb4 4.Qc2 O-O 5.a3 Bxc3+ 6.Qxc3 b6 7.Bg5 Bb7 8.f3 h6
9.Bh4 d5 10.e3 Re8 11.Rc1 c6 12.Bd3 Nbd7 13.Ne2 e5 14.O-O exd4 15.Nxd4 Rxe3
16.cxd5 c5 17.Nf5 Re5 18.d6 Nd5 19.Qd2 Qe8 20.Rfe1 a6 21.Bg3 Re6 22.Bc4 N7f6
23.Ne7+ Rxe7 24.dxe7 Qc6 25.Re5 Re8 26.Rd1 Nxe7 27.Rde1 Kf8 28.Rxe7 Rxe7
29.Bd6 Ng8 30.Bxe7+ Nxe7 31.Qd8+ Qe8 32.Qxb6 Qc6 33.Qd8+ Qe8 34.Qd6 Bc6 35.Bxa6  1-0

[Event "Krasnodar"]
[Site "Krasnodar"]
[Date "1991.??.??"]
[Round "?"]
[White "Doroshkievich, Vladimir K"]
[Black "Obukhov, Alexander"]
[Result "1/2-1/2"]
[WhiteElo "2350"]
[BlackElo "2265"]

1.d4 Nf6 2.c4 e6 3.Nc3 Bb4 4.Qc2 O-O 5.Bg5 c5 6.dxc5 Na6 7.a3 Bxc3+ 8.Qxc3 Nxc5
9.Bxf6 Qxf6 10.Qxf6 gxf6 11.Nf3 b6 12.Nd2 a5 13.e4 a4 14.Be2 Ba6 15.f3 Rab8
16.Rc1 Rfc8 17.Rc2 Nb7 18.Kf2 Kf8 19.Rhc1 Ke7 20.Nb1 Rc5 21.Nc3 Ra5 22.Na2 Nc5
23.Nb4 Bb7 24.Ke3 Rg8 25.Rg1 Nb3 26.f4 f5 27.exf5 Rxf5 28.g3 h6 29.Rc3 Rc8
30.Nd3 Ra5 31.Bd1 Nc5 32.Nb4 Ne4 33.Rc2 Rac5 34.Be2 Nd6 35.Rgc1 Nf5+ 36.Kd3 f6
37.Rc3 Nd6 38.Ke3 e5 39.Nd5+ Bxd5 40.cxd5 Nf5+ 41.Ke4 Nd6+ 42.Ke3 Nf5+ 43.Ke4 Nd6+  1/2-1/2

[Event "Krumbach op"]
[Site "Krumbach"]
[Date "1991.??.??"]
[Round "2"]
[White "Dragomarezkij, Evgeni"]
[Black "Stock, Michael"]
[Result "1-0"]
[WhiteElo "2455"]
[BlackElo "2225"]

1.d4 Nf6 2.c4 e6 3.Nc3 Bb4 4.Qc2 O-O 5.Nf3 b6 6.e4 d5 7.e5 Ne4 8.Bd3 Bb7
9.O-O Bxc3 10.bxc3 h6 11.cxd5 exd5 12.c4 Na6 13.Ba3 c5 14.cxd5 Qxd5 15.Bc4 Qd8
16.Bxa6 Bxa6 17.Qxe4 Bxf1 18.Rxf1 Rc8 19.d5 Re8 20.Nh4 Qd7 21.Nf5 Rcd8 22.Rd1 Re6
23.f4 Ree8 24.h3 Qb5 25.Kh2 Kh8 26.d6 Qd7 27.Ne7 Qe6 28.f5 Qxa2 29.Rd3 Qc2
30.Qd5 Rf8 31.Nc6 Ra8 32.d7 Qf2 33.Rf3 Qh4 34.Bb2 a5 35.Rg3 a4 36.e6 Qf4
37.Bxg7+ Kh7 38.Bxf8 Rxf8 39.e7 Rg8 40.Qxf7+  1-0

[Event "URS-JUG U20"]
[Site "Leningrad"]
[Date "1991.??.??"]
[Round "?"]
[White "Ostojic, Nikola"]
[Black "Aleksandrov, Aleksej"]
[Result "0-1"]
[WhiteElo "2350"]
[BlackElo "2370"]

1.d4 Nf6 2.c4 e6 3.Nc3 Bb4 4.Qc2 O-O 5.Bg5 c5 6.dxc5 Qa5 7.Bd2 Qxc5 8.e3 b6
9.Nf3 Bb7 10.a3 Bxc3 11.Bxc3 Qe7 12.Bd3 h6 13.O-O d6 14.Nd2 Nbd7 15.b4 Rfc8
16.Qb2 Rc7 17.Rac1 Rac8 18.h3 d5 19.Rfd1 e5 20.cxd5 Nxd5 21.Nb1 e4 22.Bb5 Nxc3
23.Rxc3 Rxc3 24.Nxc3 Ne5 25.Kf1 Qg5 26.Rd4 Nd3 27.Bxd3 exd3 28.e4 Ba6 29.Kg1 Qe5
30.Nd1 f6 31.Ne3 Kh7 32.Ng4 Rc2 33.Nxe5 Rxb2 34.Nf3 Ra2 35.g4 Rxa3 36.Kg2 Bb5
37.Nh4 Ra2 38.Nf3 Kg8 39.h4  0-1

[Event "ESP-ch"]
[Site "Lleida"]
[Date "1991.??.??"]
[Round "7"]
[White "Blazquez Gomez, Juan Carlos"]
[Black "Estremera Panos, Sergio"]
[Result "0-1"]
[WhiteElo "2200"]
[BlackElo "2300"]

1.d4 Nf6 2.c4 e6 3.Nc3 Bb4 4.Qc2 O-O 5.a3 Bxc3+ 6.bxc3 c5 7.e3 b6 8.Bd3 Nc6
9.Nf3 d6 10.O-O Ba6 11.d5 Na5 12.dxe6 fxe6 13.Ng5 Bxc4 14.Bxc4 Nxc4 15.Nxe6 Qe7
16.Nxf8 Rxf8 17.f3 d5 18.Re1 Qe5 19.Qd3 Qe6 20.e4 dxe4 21.fxe4 Ne5 22.Qg3 Rd8
23.Bg5 Rd3 24.Re3 Nxe4 25.Qf4 Rxe3 26.Qxe3 Nc4 27.Qf4 h6 28.Re1 Ncd6 29.Bd8 Qd7
30.Bc7 g5 31.Qe5 Qf7 32.Rf1 Qxc7 33.Qe6+ Kg7 34.Qe5+ Kh7 35.Re1 Qb7 36.Rd1 Qf7
37.Rf1 Qg7 38.Qe6 Qxc3 39.Kh1 Qd4 40.Qe7+ Qg7 41.Qe6 c4 42.Re1 Qf6 43.Qd7+ Kg6
44.h3 Qf7 45.Qc6 Kg7 46.Rc1 c3 47.Re1 b5  0-1

[Event "Malaga op"]
[Site "Malaga"]
[Date "1991.??.??"]
[Round "3"]
[White "Guerra Bastida, Diego"]
[Black "Rodriguez, Amador"]
[Result "0-1"]
[WhiteElo "2325"]
[BlackElo "2530"]

1.d4 Nf6 2.c4 e6 3.Nc3 Bb4 4.Qc2 O-O 5.Bg5 d6 6.a3 Bxc3+ 7.Qxc3 Nbd7 8.Nf3 h6
9.Bh4 b6 10.e3 Bb7 11.Be2 Qe7 12.O-O g5 13.Bg3 Ne4 14.Qc2 f5 15.Nd2 Ndf6
16.Nxe4 Nxe4 17.f3 Nxg3 18.hxg3 Kg7 19.c5 Rad8 20.cxb6 cxb6 21.Rac1 h5 22.Bb5 Rc8
23.Qe2 g4 24.Ba6 h4 25.Rxc8 Rxc8 26.Bxb7 hxg3 27.Qe1 Qh4 28.Qxg3 Qxg3 29.Bxc8 Kf6
30.Rf2 d5 31.fxg4 Qxe3 32.Bd7 Ke7  0-1

[Event "WchT U26"]
[Site "Maringa"]
[Date "1991.??.??"]
[Round "7"]
[White "Escobedo Tinajero, Alberto"]
[Black "Kropff, Ricardo"]
[Result "0-1"]
[WhiteElo "2225"]
[BlackElo "2345"]

1.d4 Nf6 2.c4 e6 3.Nc3 Bb4 4.Qc2 O-O 5.e4 d5 6.e5 Ne4 7.a3 Bxc3+ 8.bxc3 c5
9.cxd5 exd5 10.Bd3 cxd4 11.cxd4 Nc6 12.Ne2 Bf5 13.O-O Rc8 14.f3 Nxe5 15.fxe4 Rxc2
16.Bxc2 Bg4 17.dxe5 Bxe2 18.Rf2 dxe4 19.Be3 Bd3 20.Bb3 Qe7 21.e6 fxe6 22.Rxf8+ Kxf8
23.Rc1 b6 24.Rc8+ Kf7 25.Rc6 Bb5 26.Rc3 Qf6 27.Rc7+ Kg6 28.h3 Qa1+ 29.Bc1 Qd4+
30.Kh1 e3 31.Re7 Bc4 32.Bxc4 Qd1+ 33.Kh2 Qd6+ 34.Kh1 Qxe7 35.Bxe3 Qxa3 36.Bg1 e5  0-1

[Event "Miedzybrodzie op"]
[Site "Miedzybrodzie"]
[Date "1991.??.??"]
[Round "5"]
[White "Pisulinski, Jan"]
[Black "Brodsky, Michail"]
[Result "0-1"]
[WhiteElo "2385"]
[BlackElo "2310"]

1.d4 Nf6 2.c4 e6 3.Nc3 Bb4 4.Qc2 O-O 5.a3 Bxc3+ 6.Qxc3 b6 7.Bg5 Bb7 8.f3 h6
9.Bh4 d5 10.cxd5 exd5 11.Bxf6 Qxf6 12.Qxc7 Ba6 13.Qe5 Qc6 14.Qf4 Qc2 15.Qd2 Rc8
16.Qxc2 Rxc2 17.Nh3 Nc6 18.Nf4 Re8 19.Rd1 Rxb2 20.Rd2 Rxd2 21.Kxd2 Nxd4 22.e3 Nb3+
23.Kc2 Bxf1 24.Rxf1 Rxe3 25.Nxd5 Nd4+ 26.Kb2 Re2+ 27.Kc3 Nb5+ 28.Kb4 Rb2+
29.Ka4 Nd6 30.Rg1 Nb7 31.Nb4 a6  0-1

[Event "POL-chT"]
[Site "Mikolajki"]
[Date "1991.??.??"]
[Round "5"]
[White "Rotstein, Arkadij"]
[Black "Dragomarezkij, Evgeni"]
[Result "1-0"]
[WhiteElo "2400"]
[BlackElo "2455"]

1.d4 Nf6 2.c4 e6 3.Nc3 Bb4 4.Qc2 O-O 5.Nf3 c5 6.dxc5 Na6 7.Bd2 Nxc5 8.e3 b6
9.Be2 Bb7 10.O-O Nfe4 11.Rfd1 Qf6 12.Nd5 exd5 13.Bxb4 dxc4 14.Bxc4 Rac8 15.Bd5 Bxd5
16.Rxd5 Rfe8 17.Qe2 Qc6 18.Rad1 Qa4 19.a3 Nf6 20.R5d4 Ne6 21.Rd6 Rc2 22.R6d2 Rec8
23.Bc3 Rxd2 24.Nxd2 Nd5 25.Nb1 Qb3 26.Qd2 Nxc3 27.Nxc3 h6 28.Qe2 d5 29.h3 Rd8
30.Rd3 Qc4 31.Qd2 d4 32.Ne2 Nc5 33.Rxd4 Rxd4 34.Nxd4 Ne4 35.Qc2 Qxc2 36.Nxc2 Kf8
37.Kf1 Ke7 38.Ke2 Kd6 39.Nd4 Kd5 40.f3 Nd6 41.Kd3 a5 42.b3 f5 43.Nxf5  1-0

[Event "Mondorf op"]
[Site "Mondorf"]
[Date "1991.??.??"]
[Round "2"]
[White "Flear, Christine"]
[Black "Feller, Joseph"]
[Result "0-1"]
[WhiteElo "2210"]
[BlackElo "2220"]

1.d4 Nf6 2.c4 e6 3.Nc3 Bb4 4.Qc2 O-O 5.a3 Bxc3+ 6.Qxc3 b6 7.Bg5 Bb7 8.e3 d6
9.f3 Nbd7 10.Bd3 e5 11.Ne2 Qe8 12.Qc2 h6 13.Bh4 e4 14.fxe4 Bxe4 15.O-O Bxd3
16.Qxd3 Qe4 17.Qxe4 Nxe4 18.Rad1 Rae8 19.Rfe1 f5 20.h3 g5 21.Bf2 Ndf6 22.d5 Rf7
23.Nd4 Nd7 24.Rf1 Kh7 25.Be1 Kg6 26.b3 a5 27.Rc1 Ndc5 28.Rd1 a4 29.b4 Nd7
30.Rc1 Ne5 31.Rc2 Nd3 32.Ne6 f4 33.exf4 Nxf4 34.Nxf4+ Rxf4 35.Rxf4 gxf4 36.Re2 Kf5
37.Bh4 Ke5 38.Bf2 Rg8 39.Kh2 Kf5 40.Bh4 Rg7 41.Re1 Ke5 42.Bf6+ Kxf6 43.Rxe4 Kf5
44.Re6 Rg3 45.Re7 Rxa3 46.Rxc7 Rb3 47.c5 bxc5 48.bxc5 dxc5 49.d6 Ke6 50.Rxc5 a3
51.Ra5 Kxd6 52.Ra4 Kc5 53.h4 Kb5 54.Ra8 Kb4 55.h5 Rd3 56.Ra6 Rd5  0-1

[Event "Mondorf op"]
[Site "Mondorf"]
[Date "1991.??.??"]
[Round "5"]
[White "Flear, Glenn C"]
[Black "King, Daniel J"]
[Result "1-0"]
[WhiteElo "2515"]
[BlackElo "2505"]

1.d4 Nf6 2.c4 e6 3.Nc3 Bb4 4.Qc2 O-O 5.a3 Bxc3+ 6.Qxc3 b6 7.Bg5 h6 8.Bh4 c5
9.dxc5 bxc5 10.e3 a5 11.f3 d6 12.Rd1 Ra6 13.Qc2 Nbd7 14.Ne2 Rb6 15.Nc3 Ba6
16.Be2 Qb8 17.Rd2 Ne5 18.Bxf6 gxf6 19.f4 Nd7 20.O-O f5 21.Rfd1 Bb7 22.Qa4 Bc6
23.Qxa5 Qb7 24.Nb5 Bxb5 25.cxb5 d5 26.Qc3 Ra8 27.g4 fxg4 28.Bxg4 Rxb5 29.Rg2 Kf8
30.Bh5 Ke7 31.Bxf7 Kxf7 32.Qg7+ Ke8 33.Qxh6 Nf8 34.Rg7 Qc6 35.Qh5+ Kd8 36.Qf7 Nd7
37.f5 Ra6 38.Rg6 Rxb2 39.Rxe6 Qa4 40.Qg8+ Kc7 41.Qg3+ Kb7 42.Rf1 Rab6 43.Qg7 Ka6
44.Qxb2 Rxe6 45.Qe2+ c4 46.fxe6 Nb6 47.Qb2  1-0

[Event "Mondorf op"]
[Site "Mondorf"]
[Date "1991.??.??"]
[Round "9"]
[White "Flear, Glenn C"]
[Black "Van der Wiel, John TH"]
[Result "0-1"]
[WhiteElo "2515"]
[BlackElo "2530"]

1.d4 Nf6 2.c4 e6 3.Nc3 Bb4 4.Qc2 O-O 5.a3 Bxc3+ 6.Qxc3 b6 7.Bg5 Bb7 8.e3 d6
9.f3 Nbd7 10.Nh3 h6 11.Bh4 c5 12.dxc5 Nxc5 13.Bxf6 Qxf6 14.Qxf6 gxf6 15.O-O-O Rfd8
16.Nf4 Rac8 17.Kb1 Nb3 18.Be2 Ba6 19.Nh5 f5 20.g4 fxg4 21.Rhg1 Kf8 22.Rxg4 d5
23.Ng3 Bxc4 24.Rh4 Ke7 25.Bxc4 dxc4 26.Rxd8 Rxd8 27.Kc2 Rd2+ 28.Kc3 b5 29.a4 Rd3+
30.Kc2 Rd2+ 31.Kc3 a6 32.axb5 axb5 33.Rxh6 Rd3+ 34.Kb4 Nd2 35.Kxb5 Rb3+ 36.Kc5 Rxb2
37.Rh8 c3 38.Kd4 c2 39.Ne2 Rb3 40.Rc8 e5+ 41.Kxe5 Rxe3+ 42.Kf4 Rxe2 43.Rxc2 Rxh2
44.Kg4 Rg2+ 45.Kf4 Kf6 46.Ra2 Kg7 47.Rc2 Rh2  0-1

[Event "Russian Winter op"]
[Site "Moscow"]
[Date "1991.??.??"]
[Round "?"]
[White "Berkovich, Dmitry"]
[Black "Kharlamov, Vladimir P"]
[Result "1/2-1/2"]
[WhiteElo "2380"]
[BlackElo "2350"]

1.d4 Nf6 2.c4 e6 3.Nc3 Bb4 4.Qc2 O-O 5.Nf3 c5 6.dxc5 Na6 7.a3 Bxc3+ 8.Qxc3 Nxc5
9.g3 b6 10.Bg2 Ba6 11.b4 Nce4 12.Qd4 Rc8 13.b5 Bb7 14.Bb2 Qc7 15.Rc1 d5 16.Ne5 Rfd8
17.O-O dxc4 18.Rxc4 Rxd4 19.Rxc7 Rxc7 20.Bxd4 Rc2 21.Nc6 Nc3 22.Bxc3 Rxc3
23.Rd1 Bxc6 24.Bxc6 Kf8 25.Rd8+ Ke7 26.Ra8 Rxa3  1/2-1/2

[Event "Moscow2"]
[Site "Moscow"]
[Date "1991.??.??"]
[Round "?"]
[White "Iashvili, Akaki"]
[Black "Kholmov, Ratmir D"]
[Result "1/2-1/2"]
[WhiteElo "2390"]
[BlackElo "2445"]

1.d4 Nf6 2.c4 e6 3.Nc3 Bb4 4.Qc2 O-O 5.a3 Bxc3+ 6.Qxc3 Ne4 7.Qc2 f5 8.g3 b6
9.Bg2 Bb7 10.Nf3 Nf6 11.O-O  1/2-1/2

[Event "Moscow2"]
[Site "Moscow"]
[Date "1991.??.??"]
[Round "?"]
[White "Iashvili, Akaki"]
[Black "Ksieski, Zbigniew"]
[Result "1/2-1/2"]
[WhiteElo "2390"]
[BlackElo "2370"]

1.d4 Nf6 2.c4 e6 3.Nc3 Bb4 4.Qc2 O-O 5.a3 Bxc3+ 6.Qxc3 Qe8 7.g3 d6 8.Bg2 e5
9.dxe5 dxe5 10.b4 Nc6 11.Bb2 Bf5 12.Nf3 Be4 13.O-O Rd8 14.Rad1 Nd4 15.Nxd4 exd4
16.Rxd4 Rxd4 17.Qxd4 Bxg2 18.Kxg2 Qxe2 19.Rd1 h5 20.Rd2 Qe1 21.Qe3 Qxe3 22.fxe3 Ng4
23.Kf3 f6 24.h3 Nh6 25.Rd5 Nf7 26.h4 Nd6 27.Rd4 Rd8 28.Kf4  1/2-1/2

[Event "Moscow4"]
[Site "Moscow"]
[Date "1991.??.??"]
[Round "?"]
[White "Dragomarezkij, Evgeni"]
[Black "Savon, Vladimir A"]
[Result "0-1"]
[WhiteElo "2455"]
[BlackElo "2465"]

1.d4 Nf6 2.c4 e6 3.Nc3 Bb4 4.Qc2 O-O 5.Nf3 d6 6.e4 e5 7.Bd3 Re8 8.d5 a5 9.O-O Na6
10.Bd2 Bg4 11.Ne1 Nc5 12.f3 Bd7 13.Be3 c6 14.Rc1 a4 15.Be2 a3 16.b3 cxd5
17.Nxd5 Nxd5 18.exd5 e4 19.f4 Qf6 20.Qd1 Nd3 21.Bxd3 exd3 22.Nxd3 Rxe3 23.Nxb4 Rae8
24.Rc2 h5 25.Rcf2 Bg4 26.Qc1 Re2 27.h3 Bf5 28.Qxa3 Rxf2 29.Rxf2 Re1+ 30.Kh2 Qa1
31.Qb2 Rh1+ 32.Kg3 Qe1 33.Qd2 Qe7 34.Qe2 Qf6 35.Nc2 Qg6+ 36.Kh4  0-1

[Event "Moscow6"]
[Site "Moscow"]
[Date "1991.??.??"]
[Round "?"]
[White "Dokuchaev, Aleksander"]
[Black "Magerramov, Elmar"]
[Result "1/2-1/2"]
[WhiteElo "2325"]
[BlackElo "2560"]

1.d4 Nf6 2.c4 e6 3.Nc3 Bb4 4.Qc2 O-O 5.a3 Bxc3+ 6.Qxc3 b6 7.Bg5 Bb7 8.e3 d6
9.f3 h6 10.Bh4 Nbd7 11.Bd3 c5 12.Ne2 cxd4 13.exd4 Rc8 14.Qd2 Ba6 15.Rc1 d5
16.cxd5 Bxd3 17.Rxc8 Qxc8 18.Qxd3 Nxd5 19.O-O Qb7 20.Rc1 Rc8 21.Rxc8+ Qxc8
22.Be1 Qc6 23.Bd2 a5 24.b3 a4 25.Qc4 Qd6 26.Qxa4 N7f6 27.Qa6 g5 28.a4 Nf4
29.Bxf4 gxf4 30.g3 Nd5 31.Qd3 fxg3  1/2-1/2

[Event "Moscow6"]
[Site "Moscow"]
[Date "1991.??.??"]
[Round "?"]
[White "Dragomarezkij, Evgeni"]
[Black "Dranov, Aleksandar"]
[Result "1-0"]
[WhiteElo "2445"]
[BlackElo "2340"]

1.d4 Nf6 2.c4 e6 3.Nc3 Bb4 4.Qc2 O-O 5.Nf3 b6 6.e4 Bxc3+ 7.bxc3 d6 8.Bd3 Ne8
9.O-O Nc6 10.e5 f5 11.Ba3 Rf7 12.Rfe1 g5 13.exd6 cxd6 14.d5 exd5 15.Nxg5 Rg7
16.f4 h6 17.Ne6 Bxe6 18.Rxe6 dxc4 19.Bxc4 d5 20.Rd1 Rd7 21.Bb5 Nc7  1-0

[Event "Moscow6"]
[Site "Moscow"]
[Date "1991.??.??"]
[Round "?"]
[White "Obukhov, Alexander"]
[Black "Brodsky, Michail"]
[Result "0-1"]
[WhiteElo "2265"]
[BlackElo "2415"]

1.d4 Nf6 2.c4 e6 3.Nc3 Bb4 4.Qc2 O-O 5.a3 Bxc3+ 6.Qxc3 b6 7.Bg5 Bb7 8.f3 h6
9.Bh4 d5 10.e3 Nbd7 11.Bd3 Rc8 12.Ne2 c5 13.cxd5 cxd4 14.Qxd4 e5 15.Qb4 g5
16.Bf2 Nxd5 17.Qd2 Nc5 18.Bc2 Qf6 19.b4 e4 20.Nd4 exf3 21.gxf3 Ne6 22.Qd3 Rxc2
23.Nxc2 Qxf3 24.Rg1 Ndf4 25.Qf1 Rd8 26.Rg3 Qe4 27.Rd1  0-1

[Event "Moscow6"]
[Site "Moscow"]
[Date "1991.??.??"]
[Round "?"]
[White "Obukhov, Alexander"]
[Black "Savon, Vladimir A"]
[Result "1/2-1/2"]
[WhiteElo "2265"]
[BlackElo "2460"]

1.d4 Nf6 2.c4 e6 3.Nc3 Bb4 4.Qc2 O-O 5.a3 Bxc3+ 6.Qxc3 b6 7.Bg5 c5 8.dxc5 bxc5
9.Nf3 Nc6 10.e3 h6 11.Bh4 g5 12.Bg3 Ne4 13.Qc2 f5 14.O-O-O Qf6 15.Bc7 Rf7
16.h3 d6 17.Bxd6 e5 18.Nxe5 Nxe5 19.Bxe5 Qxe5 20.Rd8+ Kg7 21.Rd5 Qe7 22.Bd3 Nf6
23.Qc3 Rb8 24.Bxf5 Bxf5 25.Rxf5 Qe4 26.Rf3 Rd8 27.Rd1 Rxd1+ 28.Kxd1 Rd7+
29.Kc1 Rd6 30.Qc2 Qe5 31.Rf5 Qh2 32.Kb1 Qxg2 33.Rxc5 Qxh3 34.Ka2 Qe6 35.f4 Qxe3
36.Qf5 Rd2  1/2-1/2

[Event "Moscow7 op"]
[Site "Moscow"]
[Date "1991.??.??"]
[Round "?"]
[White "Savchenko, Stanislav"]
[Black "Savon, Vladimir A"]
[Result "1-0"]
[WhiteElo "2485"]
[BlackElo "2460"]

1.d4 Nf6 2.c4 e6 3.Nc3 Bb4 4.Qc2 O-O 5.a3 Bxc3+ 6.Qxc3 b6 7.Bg5 c5 8.dxc5 bxc5
9.e3 d6 10.Bd3 Nbd7 11.Ne2 Rb8 12.O-O Qb6 13.Rab1 Bb7 14.Qc2 h6 15.Bh4 Qc6
16.f3 Qc7 17.Nc3 a6 18.e4 e5 19.b4 Nh5 20.b5 Nf4 21.a4 a5 22.Nd1 Ne6 23.Ne3 Nd4
24.Qd2 Ra8 25.Nf5 Nxf5 26.exf5 f6 27.Be4 Bxe4 28.fxe4 Nb6 29.Qc2 Qf7 30.Rbc1 Qh5
31.Be1 Kf7 32.Rf3 Ke7 33.Rd3 Qf7 34.Rg3 Rfd8 35.Kf1 Kd7 36.Qb3 Kc7 37.Rg6 Kb7
38.Ke2 Rd7 39.Rc3 Rc7 40.Kd1 Rd7 41.Kc1 Qf8 42.Kb2 Qf7 43.Qc2 Ra7 44.Kb3 Qf8
45.Rd3 Qf7 46.Bf2 Ra8 47.Rd1 Nc8 48.Rg3 Nb6 49.Rgd3 Kc7 50.Rh3 Kb7 51.g4 Kc7
52.Be3 Kb7 53.Rg3 Nc8 54.h4 Nb6 55.Rh3 h5 56.g5 g6 57.Rf3 fxg5 58.Bxg5 gxf5
59.Rxf5 Qe6 60.Qd3 Rf7 61.Rdf1 Rd7 62.Rf6 Qg8 63.Bd2 Kc7 64.Bc3 Kb7 65.R1f5 Qg1
66.Rf7 Rd8 67.Bxa5 Qa1 68.Bxb6 Kxb6 69.Rf1 Qd4 70.Qxd4 exd4 71.Rxd7 Rxd7
72.Rf6 Kc7 73.a5 Rg7 74.b6+ Kb7 75.Rxd6 Ka6 76.Ka4 Rg1 77.b7+ Kxb7 78.Kb5 Rg4
79.a6+ Ka7 80.e5  1-0

[Event "Nimes op"]
[Site "Nimes"]
[Date "1991.??.??"]
[Round "2"]
[White "Foisor, Ovidiu"]
[Black "Smagin, Sergey"]
[Result "1-0"]
[WhiteElo "2385"]
[BlackElo "2550"]

1.d4 Nf6 2.c4 e6 3.Nc3 Bb4 4.Qc2 O-O 5.a3 Bxc3+ 6.Qxc3 b6 7.Bg5 c5 8.dxc5 bxc5
9.e3 d6 10.Bd3 Nbd7 11.Ne2 Bb7 12.O-O a5 13.Qc2 h6 14.Bh4 a4 15.Nc3 Qb6 16.Rfd1 Rfb8
17.Bf1 Qc6 18.Bg3 Ne8 19.Rd2 Nb6 20.f3 Rc8 21.e4 Ba6 22.Nd1 Rcb8 23.Ne3 Nc8
24.e5 Rb3 25.Re1 f6 26.exf6 Nxf6 27.Bh4 Nd7 28.Ng4 Nf8 29.Rde2 Qd7 30.Rxe6 Nxe6
31.Qg6 Kf8 32.Nxh6 gxh6 33.Rxe6 Ra7 34.Rf6+ Qf7 35.Qxh6+ Kg8 36.Rxf7 Rxf7
37.Bf6 Rfb7 38.Bd3 Rxd3 39.Qg6+ Kf8 40.Qxd3 Ke8 41.Qf5  1-0